Statistics for Countries conducting interstate wars since 1945

Click here to take the quiz!

General Stats

  • This quiz has been taken 68 times
    (60 since last reset)
  • The average score is 87 of 123

Answer Stats

Answer% Correct
Israel
100%
Iran
97%
Iraq
97%
Syria
97%
United Kingdom
97%
United States
97%
Vietnam
97%
Algeria
93%
Egypt
93%
France
93%
India
93%
Lebanon
93%
Pakistan
93%
Russia
93%
Sudan
93%
China
90%
Eritrea
90%
Ethiopia
90%
Japan
90%
Libya
90%
Morocco
90%
North Korea
90%
Saudi Arabia
90%
South Korea
90%
South Sudan
90%
Spain
90%
Afghanistan
87%
Indonesia
87%
Somalia
87%
Soviet Union
87%
Yemen
87%
Yugoslavia
87%
Argentina
83%
Cuba
83%
Greece
83%
Jordan
83%
Transjordan
83%
Tunisia
83%
United Arab Emirates
83%
Armenia
80%
Azerbaijan
80%
Cambodia
80%
Canada
80%
Chad
80%
Laos
80%
Malaysia
80%
Portugal
80%
Turkey
80%
Ukraine
80%
Zaire
80%
Australia
77%
Bulgaria
77%
East Timor
77%
Italy
77%
Kuwait
77%
Mali
77%
Palestine
77%
Belgium
73%
Croatia
73%
Germany
73%
Hungary
73%
Netherlands
73%
Nigeria
73%
Poland
73%
Slovenia
73%
Thailand
73%
Angola
70%
Czechoslovakia
70%
East Germany
70%
Georgia
70%
New Zealand
70%
Philippines
70%
Qatar
70%
Rwanda
70%
South Africa
70%
Tanzania
70%
Uganda
70%
Bosnia and Herzegovina
67%
Haiti
67%
Norway
67%
South Vietnam
67%
Taiwan
67%
Cyprus
63%
Denmark
63%
Kosovo
63%
Mozambique
63%
Panama
63%
Romania
63%
Singapore
63%
North Vietnam
60%
Sweden
60%
Burundi
57%
Djibouti
57%
Grenada
57%
Peru
57%
Dominica
53%
El Salvador
53%
Luxembourg
53%
Mauritania
53%
Burkina Faso
50%
Ecuador
50%
Honduras
50%
Jamaica
50%
Kyrgyzstan
50%
Tajikistan
50%
Barbados
47%
Saint Lucia
47%
Senegal
47%
Antigua and Barbuda
43%
Colombia
43%
Saint Vincent and the Grenadines
43%
Serbia and Montenegro
43%
South Ossetia
43%
Tibet
43%
Artsakh
40%
Abkhazia
40%
Ichkeria
40%
North Yemen
37%
South Yemen
37%
Al-Qaeda
30%
Islamic State
30%
Hyderabad
23%
Srpska
13%

Score Distribution

Percentile by Number Answered

Percent of People with Each Score

Your Score History

You have not taken this quiz since the last reset